000
00312nam a2200121Ia 4500
008
191014s9999 xx 000 0 und d
082
_a
514.7
_b
MIL
100
_a
John W.Milnor
_9
20345
245
0
_a
Characteristic Classes
260
_a
USA
_b
Princeton University Press
_c
1974
300
_a
Peg,330
942
_c
BK
999
_c
530919
_d
530919